Pentecostals, politics, and religious equality in Argentina /
In Argentina, Pentecostalism had a breakthrough in the early 1980s, and today more than 10 per cent of the population are Pentecostals. The revival coincided with a socio-political transformation of Argentinean society. After half a century of dictatorships and Perónism, democracy was restored, and...
المؤلف الرئيسي:
التنسيق: كتاب الكتروني
اللغة: English
منشور في:
Boston :
Brill,
2016.
سلاسل:
Religion in the Americas
17.
Religious Studies, Theology and Philosophy E-Books Online, Collection 2016, ISBN: 9789004303942.
الموضوعات:
الوصول للمادة أونلاين: Login to view Source
الوسوم: إضافة وسم
رقم الطلب: BR1644.5.A7
| LEADER | 03101nam a2200529 i 4500 | ||
|---|---|---|---|
| 001 | BRILL9789004325050 | ||
| 003 | nllekb | ||
| 005 | 20210602102000.0 | ||
| 006 | m d | ||
| 007 | cr un uuuua | ||
| 008 | 160915s2016 mau sb 001 0 eng d | ||
| 010 | |a 2016042508 | ||
| 020 | |a 9789004325050 |q (electronic book) | ||
| 020 | |z 9789004325043 |q (print) | ||
| 024 | 7 | |a 10.1163/9789004325050 |2 DOI | |
| 035 | |a 2016042508 |6 ORIG | ||
| 040 | |a NL-LeKB |c NL-LeKB |e rda | ||
| 043 | |a s-ag--- | ||
| 050 | 4 | |a BR1644.5.A7 | |
| 072 | 7 | |a HRCC96 |2 bicssc | |
| 072 | 7 | |a REL079000 |2 bisacsh | |
| 082 | 0 | 4 | |a 270.8/20982 |2 23 |
| 100 | 1 | |a Aasmundsen, Hans Geir. | |
| 245 | 1 | 0 | |a Pentecostals, politics, and religious equality in Argentina / |c by Hans Geir Aasmundsen. |
| 264 | 1 | |a Boston : |b Brill, |c 2016. | |
| 300 | |a 1 online resource. | ||
| 336 | |a text |b txt |2 rdacontent | ||
| 337 | |a computer |b c |2 rdamedia | ||
| 338 | |a online resource |2 rdacarrier | ||
| 490 | 0 | |a Religion in the Americas series, |x 1542-1279 ; |v v. 17 | |
| 504 | |a Includes bibliographical references and index. | ||
| 505 | 0 | 0 | |a Preliminary Material -- Introduction -- Historical Background -- Theoretical Framework -- From Negative to Positive Dualism -- The Struggle for Religious Freedom and Equality -- Pentecostalism and Politics -- Conclusions and Final Remarks -- References -- Index. |
| 506 | |a Available to subscribing member institutions only. | ||
| 520 | |a In Argentina, Pentecostalism had a breakthrough in the early 1980s, and today more than 10 per cent of the population are Pentecostals. The revival coincided with a socio-political transformation of Argentinean society. After half a century of dictatorships and Perónism, democracy was restored, and structural changes paved the way for an autonomisation of the political, economic, scientific and religious spheres. The "new" form of society that developed resembles what in this study is called a Western model, which to a large degree has been, and still is, spread on a global scale. In this book, Aasmundsen examines the religious sphere and how Pentecostals relate to society at large, and the political and judicial spheres in particular. | ||
| 588 | |a Description based on print version record and CIP data provided by publisher; resource not viewed. | ||
| 650 | 0 | |a Pentecostalism |z Argentina. | |
| 650 | 0 | |a Christianity and politics |z Argentina. | |
| 650 | 0 | |a Pentecostalism |x Political aspects |z Argentina. | |
| 650 | 0 | |a Religion and politics |z Argentina. | |
| 651 | 0 | |a Argentina |x Church history. | |
| 776 | 0 | 8 | |i Print version: |a Aasmundsen, Hans Geir, author. |t Pentecostals, politics, and religious equality in Argentina |d Boston : Brill, 2016 |z 9789004325043 |w (DLC) 2016039092 |
| 830 | 0 | |a Religion in the Americas |v 17. | |
| 830 | 0 | |a Religious Studies, Theology and Philosophy E-Books Online, Collection 2016, ISBN: 9789004303942. | |
| 856 | 4 | |z DOI: |u http://dx.doi.org/10.1163/9789004325050 | |
| 942 | |c EBOOK | ||
| 952 | |0 0 |1 0 |4 0 |7 1 |9 14829 |a BRILL |b BRILL |d 2021-06-02 |l 0 |r 2021-06-02 00:00:00 |w 2021-06-02 |y EBOOK | ||
| 999 | |c 36278 |d 36278 | ||
